00659nam a2200205Ia 450000500170000000800410001702000180005804100080007608200130008410000220009724500360011926000390015530000090019450000230020365000230022670000220024994200070027199900170027895201580029520230421123350.0230125s9999 xx 000 0 und d a9788175052208 aeng a658bSWA aSwami Vivekananda aUnversal Ethics & Moral Conduct c2014bAdvaita ashrama pubaKolkata a120p aGeneral Management aGeneral Management aSwami Vivekananda cBK c94196d94196 00104070aHIMRbHIMRd2016-09-19eRamkrishna Mathg25.00iCMG5805l0o658 SWA B14263pHIMR-BK-14263r2023-01-25 00:00:00v25.00w2016-09-08yBKzB14263